000 00463nam a22001817a 4500
005 20260317160830.0
008 260317b |||||||| |||| 00| 0 eng d
037 _cDSWL
040 _aDSWL
_cDSWL
041 _heng
100 _aMalekoff, Andrew
245 _aGroup work with adolescent
250 _a2nd
260 _aNew York,
_bGuilford Press,
_c2004
300 _a378p
942 _2CC
_cTEXL
_n0
999 _c1715630
_d1715630